| 000 | 01161cam a2200337 i 4500 | ||
|---|---|---|---|
| 999 |
_c3020 _d3020 |
||
| 001 | 17768397 | ||
| 003 | GZU | ||
| 005 | 20201112114801.0 | ||
| 008 | 130607s2013 enk b 001 0 eng | ||
| 010 | _a 2013021268 | ||
| 020 | _a9781137301567 (hardback) | ||
| 020 | _a9781137301550 (paperback) | ||
| 040 |
_aDLC _beng _cDLC _erda _dDLC |
||
| 042 | _apcc | ||
| 050 | 0 | 0 |
_aJZ6369 _b.H43 2013 |
| 082 | 0 | 0 |
_a341.5/84 _223 |
| 100 | 1 |
_aHehir, Aidan, _d1977- |
|
| 245 | 1 | 0 |
_aHumanitarian intervention : _ban introduction / _cAidan Hehir. |
| 250 | _aSecond edition. | ||
| 264 | 1 |
_aHoundmills, Basingstoke, Hampshire ; _aNew York, NY : _bPalgrave Macmillan, _c2013. |
|
| 300 |
_axv, 356 pages ; _c24 cm |
||
| 336 |
_atext _2rdacontent |
||
| 337 |
_aunmediated _2rdamedia |
||
| 338 |
_avolume _2rdacarrier |
||
| 504 | _aIncludes bibliographical references (pages 320-347) and index. | ||
| 650 | 0 | _aHumanitarian intervention. | |
| 650 | 0 | _aHumanitarian assistance. | |
| 906 |
_a7 _bcbc _corignew _d1 _eecip _f20 _gy-gencatlg |
||
| 942 |
_2lcc _cBK _e2nd ed. _h6369 _iHEH _kJZ _m2013 |
||